banner-ar

ديوان العذريين / (Record no. 38709)

MARC details
000 -الفاتح
حقل البيانات ثابتة الطول 00665nam a2200241Ia 4500
008 - عناصر البيانات ثابتة الطول - معلومات عامة
حقل البيانات ثابتة الطول 140319s9999 xx 000 0 ara d
040 ## - مصدر الفهرسة
وكالة الفهرسة الأصلية GCL /
وكالة النسخ GCL
082 04 - رقم تصنيف ديوى العشرى
رقم التصنيف 811.3
رقم المادة ج د
100 1# - المدخل الرئيسى - إسم شخصى
الإسم الشخصى جميل بن معمر
245 10 - بيان العنوان
العنوان ديوان العذريين /
بيان المسئوليه,etc جميل بن معمر
700 1# - المدخل الاضافى - اسم شخصى
الإسم الشخصى قيس بن الملوح
700 1# - المدخل الاضافى - اسم شخصى
الإسم الشخصى قيس بن ذريح
700 1# - المدخل الاضافى - اسم شخصى
الإسم الشخصى يوسف عبيد
300 ## - الوصف المادى
التعداد 416 ص
490 ## - بيان السلسلة
عنوان السلسلة
650 04 - المدخل الاضافى بالموضوع-مصطلح موضوعى
مصطلح موضوعي الشعر العربى
650 04 - المدخل الاضافى بالموضوع-مصطلح موضوعى
مصطلح موضوعي الادب العربى
650 04 - المدخل الاضافى بالموضوع-مصطلح موضوعى
مصطلح موضوعي جميل بن معمر
650 04 - المدخل الاضافى بالموضوع-مصطلح موضوعى
مصطلح موضوعي قيس بن الملوح
650 04 - المدخل الاضافى بالموضوع-مصطلح موضوعى
مصطلح موضوعي قيس بن ذريح
942 ## - عناصر المدخل الإضافي( كوها)
مصدر التصنيف او مخطط الترفيف Dewey Decimal Classification
Koha [default] item type كتاب
Holdings
حالة التراجع حالة الفقد حالة تلف ليس للاعارة المكان المؤقت الموقع الحالى تاريخ الاكتساب اجمالي اﻻعارات رقم الطلب الباركود تاريخ اخر مشاهدة تاريخ تفعيل السعر نوع وعاء كوها
        مكتبة القاهرة الكبرى مكتبة القاهرة الكبرى 03/26/2014   811.3 \ ج د 94364 03/26/2014 03/26/2014 كتاب
        مكتبة القاهرة الكبرى مكتبة القاهرة الكبرى 03/26/2014   811.3 \ ج د 94365 03/26/2014 03/26/2014 كتاب
        مكتبة القاهرة الكبرى مكتبة القاهرة الكبرى 03/26/2014   811.3 \ ج د 94366 03/26/2014 03/26/2014 كتاب

Powered By

EGPV